LEADER 00857nam0 2200253 450 001 000011312 005 20181204150124.0 100 $a20080516d1976----km-y0itay50------ba 101 0 $aita 102 $aIT 105 $ay-------001yy 200 1 $a<>leggi della previdenza sociale$ecoordinate ed annotate con la giurisprudenza, la dottrina e la prassi amministrativa. Supplemento$fGennaro Ferrari 210 $aMilano$cGiuffrè$d1976 215 $aXV, 903 p.$d22 cm 422 0$1001000011311 610 1 $aPrevidenza sociale$aLegislazione 676 $a368.4$v17$9Previdenza 676 $a368.4$v18$9Previdenza sociale 700 1$aFerrari,$bGennaro$010021 801 0$aIT$bUNIPARTHENOPE$c20080516$gRICA$2UNIMARC 912 $a000011312 951 $a344.02/102[S]$b20499$cNAVA4 996 $aLeggi della previdenza sociale$967634 997 $aUNIPARTHENOPE LEADER 02873nam 2200601 a 450 001 9910458907503321 005 20200520144314.0 010 $a1-59327-331-2 035 $a(CKB)2580000000005762 035 $a(EBL)1137516 035 $a(OCoLC)830164508 035 $a(SSID)ssj0000404102 035 $a(PQKBManifestationID)12154346 035 $a(PQKBTitleCode)TC0000404102 035 $a(PQKBWorkID)10344934 035 $a(PQKB)10461408 035 $a(MiAaPQ)EBC1137516 035 $a(CaSebORM)9781593272067 035 $a(MiAaPQ)EBC6094241 035 $a(Au-PeEL)EBL1137516 035 $a(CaPaEBR)ebr10496687 035 $a(Au-PeEL)EBL6094241 035 $a(OCoLC)1156092580 035 $a(EXLCZ)992580000000005762 100 $a20091014d2010 uy 0 101 0 $aeng 135 $aur|n|---||||| 181 $ctxt 182 $cc 183 $acr 200 10$aAutotools$b[electronic resource] $ea practitioner's guide to GNU Autoconf, Automake, and Libtool /$fby John Calcote 205 $a1st edition 210 $aSan Francisco $cNo Starch Press$dc2010 215 $a1 online resource (364 p.) 300 $aDescription based upon print version of record. 311 $a1-59327-206-5 320 $aIncludes bibliographical references and index. 327 $aA brief introduction to the GNU autotools -- Understanding the GNU coding standards -- Configuring your project with Autoconf -- More fun with Autoconf: configuring user options -- Automatic makefiles with Automake -- Building libraries with Libtool -- Library interface versioning and runtime dynamic linking -- FLAIM: an Autotools example -- FLAIM part II: pushing the envelope -- Using the M4 Macro processor with Autoconf -- A catalog of tips and reusable solutions for creating great projects. 330 $aThe GNU Autotools (the GNU Build System) is a group of utilities designed to make it easy for developers to create software that is portable across many Unix-like operating systems. Unfortunately, most Autotools documentation is merely reference material, and a serious guide to the tools is needed. With its solution-oriented instruction and cookbook-style approach, Autotools: A Developer's Guide is the first book to offer programmers a tutorial-based guide to the Autotools. Beginning with high-level concepts, the book discusses many use-cases and examples, and ends with more advanced details, 606 $aCross-platform software development 606 $aOpen source software 608 $aElectronic books. 615 0$aCross-platform software development. 615 0$aOpen source software. 676 $a005.3 700 $aCalcote$b John$f1964-$01026511 801 0$bMiAaPQ 801 1$bMiAaPQ 801 2$bMiAaPQ 906 $aBOOK 912 $a9910458907503321 996 $aAutotools$92441450 997 $aUNINA